logo

Bir Sreshtho Munshi Abdur Rouf Library
Jhenaidah Cadet College

Experiments in sky watching / (Record no. 7705)

MARC details
000 -LEADER
fixed length control field 01056cam a22003131 4500
001 - CONTROL NUMBER
JCCL Control Number 7705
003 - CONTROL NUMBER IDENTIFIER
JCCL marc code BD-JhCC
005 - DATE AND TIME OF LATEST TRANSACTION
control field 20181006174454.0
008 - FIXED-LENGTH DATA ELEMENTS--GENERAL INFORMATION
fixed length control field 851011s1967 nyua j b 000 0 eng
035 ## - SYSTEM CONTROL NUMBER
system control number (BD-JhCC)7705
040 ## - CATALOGING SOURCE
Original cataloging agency DLC
Transcribing agency DLC
Modifying agency DLC
-- BD-JhCC
041 ## - LANGUAGE CODE
Language code of Book eng
050 00 - LIBRARY OF CONGRESS CALL NUMBER
Classification number QB63
Item number .B8 1967
082 00 - DEWEY DECIMAL CLASSIFICATION NUMBER
Classification number 523
Author mark and Year BRA 1967
100 1# - MAIN ENTRY--PERSONAL NAME
Personal name Branley, Franklyn Mansfield,
Dates associated with a name 1915-2002.
245 10 - TITLE STATEMENT
Title Experiments in sky watching /
Statement of responsibility, etc by Franklyn M. Branley. Illustrated by Helmut K. Wimmer.
260 ## - PUBLICATION, DISTRIBUTION, ETC. (IMPRINT)
Place of publication, distribution, etc New York,
Name of publisher, distributor, etc Crowell
Date of publication, distribution, etc [1967]
300 ## - PHYSICAL DESCRIPTION
Pagination 111 p.
Other physical details illus.,
Dimensions 23 cm.
504 ## - BIBLIOGRAPHY, ETC. NOTE
Bibliography, etc Bibliography: p. 106.
520 ## - SUMMARY, ETC.
Summary, etc Explanations about and instructions for observing the sun, moon, planets, stars, auroras, comets, meteors, and man-made satellites. Includes simple experiments and directions for making devices to aid in observation.
650 #0 - SUBJECT ADDED ENTRY--TOPICAL TERM
Topical term or geographic name as entry element Astronomy.
650 #0 - SUBJECT ADDED ENTRY--TOPICAL TERM
Topical term or geographic name as entry element Stars.
650 #1 - SUBJECT ADDED ENTRY--TOPICAL TERM
Topical term or geographic name as entry element Astronomy.
650 #1 - SUBJECT ADDED ENTRY--TOPICAL TERM
Topical term or geographic name as entry element Stars.
700 1# - ADDED ENTRY--PERSONAL NAME
Personal name Wimmer, Helmut K.,
740 ## -
Uncontrolled related/analytical title Sky watching.
942 ## - ADDED ENTRY ELEMENTS (KOHA)
Source of classification or shelving scheme Dewey Decimal Classification
Koha item type Books
Holdings
Source of classification or shelving scheme Damaged status Not for loan Home library Current library Shelving location Total Checkouts Full call number Barcode Date last seen Copy number Koha item type
Dewey Decimal Classification     JCC Rouf Library JCC Rouf Library General Stacks   523 BRA 1967 814 02/13/2018 C -1 Books

JCC Library | Contacts | JCC Home

Last Update on 23 September 2017
Copyright @ 2017-2020 JCC Rouf Library
Rouf Library, Jhenidah Cadet College (JCC), Bangladesh